01449nam a2200301 a 450000100060000000300080000600500170001400800410003103500190007204000370009104100080012808200250013609000220016110000300018324501800021326000710039330000330046449000470049750002100054465000170075465000260077165000590079771100740085683000550093094200120098599900170099795201330101470540BD-RjUL20211209082019.0860812s1965 enk 000 0 eng d a(BD-RjUL)70754 aPBUcPBUdOCLdEQOdBD-RjULbeng aeng 223a553.61bBRC 1966 aTN941b.N27 Index1 aBridge, Thomas E.920878910aClays and clay minerals :bindex to the proceedings of the first to the tenth National Conferences on Clays and Clay Minerals /cprepared by Thomas E. Bridge and Syble Bridge. aNew York :bSymposium Publications Division Pergamon Press,c1966. avi, 433 p. :bill. ;c24 cm.1 aMonograph (Earth Science Series) ;vno. 23 a"Under a grant from the National Science Foundation to the local committee of the tenth National Conference on clays and clay minerals held at the University of Texas, Austin, Texas, October 14-18, 1961. " aClay9208790 aClay minerals9204654 aNational Conference on Clays and Clay Minerals92087912 aNational Conference on Clays and Clay Minerals.tProceedings.9208792 0aMonograph (Earth Science Series) ;vno. 239208793 2ddccBK c70540d70540 00102ddc40718NFICaRUCLbRUCLcReadingd1970-01-15ezeitlingerl0o553.61 BRC 1966r2017-04-18 00:00:00tC-1w2017-04-18yBK